<?xml version='1.0' encoding='UTF-8'?>
  <record xmlns="http://www.loc.gov/MARC21/slim">
    <leader>00000cam a22000007i 4500</leader>
    <controlfield tag="001">ocm67547309</controlfield>
    <controlfield tag="003">OCoLC</controlfield>
    <controlfield tag="005">20250823052644.2</controlfield>
    <controlfield tag="008">000804s1873    ne            000 0 dut d</controlfield>
    <datafield tag="040" ind1=" " ind2=" ">
      <subfield code="a">NLGGC</subfield>
      <subfield code="b">dut</subfield>
      <subfield code="e">fobidrtb</subfield>
      <subfield code="c">NLGGC</subfield>
      <subfield code="d">OCLCO</subfield>
      <subfield code="d">OCLCL</subfield>
      <subfield code="d">OCLCQ</subfield>
    </datafield>
    <datafield tag="029" ind1="0" ind2=" ">
      <subfield code="a">NLGGC</subfield>
      <subfield code="b">198608470</subfield>
    </datafield>
    <datafield tag="035" ind1=" " ind2=" ">
      <subfield code="a">(OCoLC)67547309</subfield>
    </datafield>
    <datafield tag="245" ind1="0" ind2="4">
      <subfield code="a">Het openbaar onderwijs te Amsterdam :</subfield>
      <subfield code="b">adres aan den raad der gemeente Amsterdam. /</subfield>
      <subfield code="c">[door H. F. R. Hubrecht et al.]</subfield>
      <subfield code="n">[I],</subfield>
      <subfield code="p">Adres aan den raad der gemeente Amsterdam, ten aanzien van de verordeningen op het openbaar onderwijs.</subfield>
    </datafield>
    <datafield tag="260" ind1=" " ind2=" ">
      <subfield code="a">Amsterdam :</subfield>
      <subfield code="b">C.L. Brinkman,</subfield>
      <subfield code="c">[1873]</subfield>
    </datafield>
    <datafield tag="300" ind1=" " ind2=" ">
      <subfield code="a">41 p. ;</subfield>
      <subfield code="c">24 cm.</subfield>
    </datafield>
    <datafield tag="336" ind1=" " ind2=" ">
      <subfield code="a">tekst</subfield>
      <subfield code="b">txt</subfield>
      <subfield code="2">rdacontent/dut</subfield>
    </datafield>
    <datafield tag="337" ind1=" " ind2=" ">
      <subfield code="a">zonder medium</subfield>
      <subfield code="b">n</subfield>
      <subfield code="2">rdamedia/dut</subfield>
    </datafield>
    <datafield tag="338" ind1=" " ind2=" ">
      <subfield code="a">band</subfield>
      <subfield code="b">nc</subfield>
      <subfield code="2">rdacarrier/dut</subfield>
    </datafield>
    <datafield tag="530" ind1=" " ind2=" ">
      <subfield code="a">Boek wordt verfilmd Metamorfoze UBU.</subfield>
    </datafield>
    <datafield tag="700" ind1="1" ind2=" ">
      <subfield code="a">Hubrecht, H.F.R.</subfield>
      <subfield code="q">(Henri Francois Rudolphe),</subfield>
      <subfield code="d">1844-1926.</subfield>
      <subfield code="1">https://id.oclc.org/worldcat/entity/E39PBJpyqVBRYQmD99hJv874MP</subfield>
    </datafield>
    <datafield tag="758" ind1=" " ind2=" ">
      <subfield code="a">[I] Adres aan den raad der gemeente Amsterdam, ten aanzien van de verordeningen op het openbaar onderwijs Het openbaar onderwijs te Amsterdam (Text)</subfield>
      <subfield code="1">https://id.oclc.org/worldcat/entity/E39PCGbGkw7dxJ7CTJqdQRWQjd</subfield>
      <subfield code="4">https://id.oclc.org/worldcat/ontology/hasWork</subfield>
    </datafield>
    <datafield tag="773" ind1="0" ind2="8">
      <subfield code="7">nnam</subfield>
      <subfield code="i">(MP)</subfield>
      <subfield code="t">Het openbaar onderwijs te Amsterdam</subfield>
      <subfield code="w">(NL-LeOCL)125747497</subfield>
    </datafield>
    <datafield tag="776" ind1="0" ind2=" ">
      <subfield code="t">Het openbaar onderwijs te Amsterdam</subfield>
      <subfield code="w">(NL-LeOCL)394479874</subfield>
    </datafield>
    <datafield tag="776" ind1="0" ind2=" ">
      <subfield code="t">Het openbaar onderwijs te Amsterdam</subfield>
      <subfield code="w">(NL-LeOCL)396941915</subfield>
    </datafield>
    <datafield tag="776" ind1="0" ind2=" ">
      <subfield code="t">Het openbaar onderwijs te Amsterdam</subfield>
      <subfield code="w">(NL-LeOCL)407232877</subfield>
    </datafield>
    <datafield tag="776" ind1="0" ind2=" ">
      <subfield code="t">Het openbaar onderwijs te Amsterdam</subfield>
      <subfield code="w">(NL-LeOCL)432868275</subfield>
    </datafield>
    <datafield tag="936" ind1=" " ind2=" ">
      <subfield code="a">BATCHLOAD</subfield>
    </datafield>
  </record>